00518nam a2200145 a 4500008004100000050001700041100001800058245009400076260006000170300002600230490003300256490001900289500001700308650004700325121019s1997 ||||||||||||||||| || u aPAPERS/STAFF aSiziya, Seter10aHIV infection in malnourished children in Harare, Zimbabwecby Seter Siziya; [and others] aLusaka:bUniversity of Zambia, School of Medicinec1997 ap. 217 - p. 220: ill. aEast African Medical Journal vVol. 74, No. 4 aBibliography aHIV+ CHILDREN--MALNUTRITION CASES-ZIMBABWE